000 00615nam a2200193 a 4500
005 200902210153555.7
008 960221s1955 dcuabcdjdbkoqu001 0deng d
080 _a025.4.02
_bMAX
100 _aMaxwell, Robert L
_913385
245 _aMaxwell's guide to authority work
300 _axii,275p.
653 _aAuthority files (information retrieval)
942 _cBK
260 _aNew Delhi
_bEss Ess Publicaions
_c2009
_913386
500 _a
020 _a9788170005667
003 ViArRB
952 _w2010-06-16
_p00063757
_r2010-06-16
_40
_00
_bUL
_10
_o025.4.02 MAX
_d2010-06-16
_70
_cGEN
_2udc
_yBK
_aUL
999 _c56442
_d56441